[Event "St Lorrain Masters-B"]
[Site "St Lorrain"]
[Date "1999.??.??"]
[Round "?"]
[White "Tagnon, Nicole"]
[Black "Lukov, Valentin"]
[Result "0-1"]
[WhiteElo "2100"]
[BlackElo "2455"]

1.e4 c5 2.Nf3 Nc6 3.d4 cxd4 4.Nxd4 Qc7 5.Nc3 e6 6.Be2 a6 7.O-O Nf6 8.Kh1 Be7
9.f4 d6 10.Bf3 Bd7 11.Nb3 Rc8 12.Be3 b5 13.Rc1 h6 14.Qe2 b4 15.Na4 Nb8 16.Nb6 Bb5
17.Qd2 Rd8 18.Rfe1 Nbd7 19.Nxd7 Bxd7 20.Qf2 Rb8 21.e5 dxe5 22.fxe5 Qxe5 23.Ba7 Qc7
24.Bxb8 Qxb8 25.Rcd1 O-O 26.Nd4 Rc8 27.Qd2 Bf8 28.c3 bxc3 29.bxc3 Qc7 30.Rc1 Bd6
31.g3 Ba3 32.Rc2 e5 33.Nb3 Bf5 34.Rcc1 Bxc1 35.Rxc1 Rd8 36.Qg2 Rd3 37.Nd2 Rxc3
38.Rf1 Qd7 39.Re1 Rc2  0-1

[Event "SVK-chT 9899"]
[Site "SVK"]
[Date "1999.??.??"]
[Round "6"]
[White "Hagarova, Zuzana"]
[Black "Kaposztas, Miklos"]
[Result "1/2-1/2"]
[WhiteElo "2295"]
[BlackElo "2300"]

1.e4 c5 2.Nf3 Nc6 3.d4 cxd4 4.Nxd4 Qc7 5.Nc3 Nf6 6.Be3 a6 7.f4 d6 8.Be2 e6
9.O-O Be7 10.Kh1 O-O 11.a4 Bd7 12.Qe1 Nxd4 13.Bxd4 Bc6 14.Bd3 e5 15.Be3 Ng4
16.Bg1 exf4 17.Rxf4 Ne5 18.Qg3 Qd8 19.Bd4 Bg5 20.Rf5 Bh4 21.Qe3 g6 22.Rff1 Bg5
23.Qg3 Bh4 24.Qf4 Bg5 25.Qg3 Bh4 26.Qe3 Bg5 27.Qe2 Bf6 28.Bc4 Bg7 29.Bb3 Qe7
30.Rad1 Rae8 31.Qd2 Rd8 32.Bb6 Rd7 33.Qf4 Kh8 34.Qg3 Bf6 35.Qh3 h5 36.Bd4 Kg8
37.Qg3 Bh4 38.Qf4 Bg5 39.Qg3 Bh4 40.Qf4 Bg5 41.Qg3 Bh4  1/2-1/2

[Event "Villa Martelli Warsteiner"]
[Site "Villa Martelli"]
[Date "1999.??.??"]
[Round "3"]
[White "Cervetto, Esteban"]
[Black "Fuentes, Alberto"]
[Result "1-0"]
[WhiteElo "2146"]
[BlackElo "2177"]

1.e4 c5 2.Nf3 Nc6 3.d4 cxd4 4.Nxd4 Qc7 5.Nc3 e6 6.Be3 Nf6 7.Be2 a6 8.a3 Be7
9.O-O d6 10.f4 Rb8 11.Bf3 O-O 12.Qe1 Re8 13.Qg3 Na5 14.e5 Nd7 15.exd6 Bxd6
16.Ndb5 axb5 17.Nxb5 Qxc2 18.Nxd6 Rf8 19.Be4 Qxb2 20.f5 Nc6 21.fxe6 fxe6
22.Qh3 Rxf1+ 23.Rxf1 Nf6 24.Nxc8 Qe5 25.Bxc6 Rxc8 26.Bxb7 Rc3 27.Re1 Rxa3
28.Bc8 Kf7 29.Qxe6+  1-0

[Event "JUG-chT (Women)"]
[Site "Vrnjacka Banja"]
[Date "1999.??.??"]
[Round "6"]
[White "Manakova, Maria"]
[Black "Skripchenko, Almira"]
[Result "0-1"]
[WhiteElo "2349"]
[BlackElo "2456"]

1.e4 c5 2.Nf3 Nc6 3.d4 cxd4 4.Nxd4 Qc7 5.Nc3 e6 6.Be2 a6 7.O-O Nf6 8.Be3 Bb4
9.Nxc6 bxc6 10.Na4 Be7 11.Nb6 Rb8 12.Nxc8 Qxc8 13.Bd4 c5 14.Bc3 Nxe4 15.Bxg7 Rg8
16.Bh6 c4 17.Qd4 d5 18.Bf3 Nd6 19.Bf4 Nf5 20.Qd1 Rxb2 21.g3 Bf6 22.Re1 Ne7
23.Be5 Bxe5 24.Rxe5 Qc6 25.Rh5 Qa4 26.Qd4 Qxc2 27.Bd1 Rb1 28.Kg2 Qb2 29.Qxb2 Rxb2
30.Rxh7 d4 31.Bh5 Rf8 32.Rd1 Nf5 33.Kf3 d3 34.g4 Nd6 35.Ke3 Re2+ 36.Kd4 Ke7
37.g5 Kd8 38.h4 Rxf2 39.Kc5 Ke7 40.g6 Rf5+ 41.Kd4 Rf4+ 42.Kc3 Ne4+ 43.Kb4 Nf6  0-1

[Event "Wisla Hugart op (Women)"]
[Site "Warsaw"]
[Date "1999.??.??"]
[Round "?"]
[White "Kozlova, Olga"]
[Black "Cosma, Elena Luminita"]
[Result "1/2-1/2"]
[WhiteElo "2260"]
[BlackElo "2365"]

1.e4 c5 2.Nf3 Nc6 3.d4 cxd4 4.Nxd4 Qc7 5.Nc3 e6 6.f4 Nxd4 7.Qxd4 a6 8.a4 Ne7
9.Be3 Nc6 10.Qb6 Qxb6 11.Bxb6 Bb4 12.O-O-O O-O 13.g3 Bxc3 14.bxc3 d5 15.exd5 exd5
16.Bg2 Be6 17.Bxd5 Rfe8 18.Bf3 Rac8 19.a5 h6 20.h3 Bf5 21.Rh2 Re7 22.g4 Be4
23.Be2 Ree8 24.Rd7 Nb8 25.Rc7 Rxc7 26.Bxc7 Rc8 27.Bb6 Rxc3 28.Bd1 Nc6 29.Kb2 Rg3
30.Re2 f5 31.Rh2 Rg2 32.Rxg2 Bxg2 33.h4 fxg4 34.Bxg4 Kf7 35.c4 Be4 36.Kc3 Kf6
37.Kd2 g6 38.Ke3 Bf5 39.Bf3 Be6 40.Bd5 Ke7 41.Bxc6 bxc6 42.c5  1/2-1/2

[Event "Wisla Hugart op (Women)"]
[Site "Warsaw"]
[Date "1999.??.??"]
[Round "?"]
[White "Jackova, Jana"]
[Black "Cosma, Elena Luminita"]
[Result "0-1"]
[WhiteElo "2202"]
[BlackElo "2365"]

1.e4 c5 2.Nf3 Nc6 3.d4 cxd4 4.Nxd4 Qc7 5.Nc3 e6 6.Be3 a6 7.Bd3 Nf6 8.O-O Ne5
9.h3 Bc5 10.Qe2 d6 11.f4 Ng6 12.Nb3 Bxe3+ 13.Qxe3 O-O 14.Rad1 b5 15.e5 dxe5
16.Bxg6 hxg6 17.fxe5 Nd7 18.Rd6 Rb8 19.Rfd1 Nb6 20.Na5 Nc4 21.Nxc4 bxc4 22.Ne4 Rb5
23.Qd4 Bb7 24.Nc3 Ra5 25.Kh1 Qc5 26.Qh4 g5 27.Qxg5 Qxe5 28.Qe7 Bxg2+ 29.Kxg2 Qf4
30.Nd5 Qe4+ 31.Kg1 exd5 32.Qg5 d4 33.Qg4 Qe3+ 34.Kf1 Rg5  0-1

[Event "Zaragoza op 11th"]
[Site "Zaragoza"]
[Date "1999.??.??"]
[Round "4"]
[White "Baron Rodriguez, Jesus"]
[Black "Pogorelov, Ruslan"]
[Result "0-1"]
[WhiteElo "2410"]
[BlackElo "2505"]

1.e4 c5 2.Nf3 Nc6 3.d4 cxd4 4.Nxd4 Qc7 5.Be2 Nf6 6.Nc3 e6 7.O-O a6 8.Be3 Bb4
9.Na4 O-O 10.Nxc6 bxc6 11.c4 Bd6 12.f4 Nxe4 13.Bd3 Nf6 14.Bb6 Qb8 15.Bd4 Be7
16.c5 Rd8 17.Qc2 a5 18.Nb6 Ra7 19.Rad1 h6 20.Kh1 Ne8 21.g4 Ba6 22.g5 Bxd3
23.Rxd3 hxg5 24.fxg5 Bxg5 25.Qg2 Bf4 26.Nc4 e5 27.Rxf4 exd4 28.Rh4 Qb4 29.Nd2 Qxc5
30.Rdh3 Qc1+ 31.Nf1 f6 32.Kg1 d5 33.Qf3 Qg5+ 34.Rg4 Qe5 35.Rg2 Re7 36.Rh5 Qe4
37.Qh3 Kf7 38.Rh8 Qe5 39.Qh7 Ke6 40.Qh3+ Kd6 41.Qa3+ Ke6 42.Qxa5 Qc7 43.Qe1+ Kd7
44.Qh4 Qe5 45.Qh3+ Qe6 46.Qd3 Nc7 47.Rxd8+ Kxd8 48.Qxd4 Qe5 49.Qb6 Kd7 50.a4 Ne6
51.Qb7+ Qc7 52.Qxc7+ Kxc7 53.Re2 Kd6 54.Kf2 Rb7 55.Ne3 Nd4 56.Rd2 c5 57.a5 Rb5
58.a6 Ra5 59.b4 Rxa6 60.bxc5+ Kxc5 61.Rb2 Ne6 62.Rd2 d4 63.Rc2+ Kd6 64.Nf5+ Ke5
65.Ng3 d3 66.Rd2 Ra3  0-1

[Event "VII Anibal Open"]
[Site "Linares ESP"]
[Date "2000.01.09"]
[Round "3"]
[White "Estrada Nieto,J"]
[Black "Halkias,S"]
[Result "1-0"]
[WhiteElo "2360"]
[BlackElo "2406"]

1.e4 c5 2.Nf3 Nc6 3.d4 cxd4 4.Nxd4 Qc7 5.Nc3 e6 6.g3 a6 7.Bg2 Nge7 8.Nb3 h5
9.Bf4 Ne5 10.h3 h4 11.g4 N7g6 12.Bh2 Bd6 13.Nd2 Nd3+ 14.cxd3 Bxh2 15.Rc1 Ne5
16.Nb3 Nc6 17.d4 Bf4 18.Rb1 b6 19.Ne2 Bb7 20.O-O Ne7 21.d5 Ng6 22.Nbc1 exd5
23.exd5 Bh2+ 24.Kh1 O-O 25.Nd3 Rfe8 26.Nd4 Bf4 27.Nf5 Rac8 28.Qa4 Qc4 29.Qxd7 Ba8
30.Nxf4 Qxf4 31.Qd6 Ne5 32.Rbe1 g6 33.Re4 Qxe4 34.Bxe4 gxf5 35.gxf5 Ng4 36.Bf3 Ne5
37.Qh6 Nxf3 38.f6  1-0

[Event "Extraliga CZE"]
[Site "Ostrava CZE"]
[Date "2000.01.15"]
[Round "6"]
[White "Gross,S"]
[Black "Oral,T"]
[Result "0-1"]
[WhiteElo "2371"]
[BlackElo "2541"]

1.e4 c5 2.Nf3 Nc6 3.d4 cxd4 4.Nxd4 Qc7 5.Nc3 e6 6.f4 Nxd4 7.Qxd4 a6 8.Be3 b5
9.Be2 Bb7 10.Bf3 Rc8 11.Rd1 h5 12.O-O Nf6 13.h3 h4 14.e5 Nh5 15.Ne4 Bxe4
16.Bxe4 Ng3 17.Rf2 Bc5 18.Qd3 O-O 19.Bf3 Nf5 20.Bxc5 Qxc5 21.Be4 Ng3 22.Qd4 Qxd4
23.Rxd4 Rc4 24.Rxc4 bxc4 25.Bf3 c3 26.b3 d6 27.exd6 Rd8 28.Be2 Rxd6 29.Bd3 g5
30.Kh2 f5 31.Rf3 Kg7 32.fxg5 Kg6 33.Rf4 Kxg5 34.Ra4 e5 35.Rxa6 Rd8 36.Rc6 e4
37.Rxc3 exd3 38.Rxd3 Re8 39.Rd1 Re2 40.c4 Rxa2 41.b4 f4 42.Kg1 Nf5 43.b5 Ne3
44.Rb1 Rxg2+ 45.Kh1 f3 46.b6 Nf5  0-1

[Event "V Ubeda Open"]
[Site "Ubeda ESP"]
[Date "2000.01.19"]
[Round "1"]
[White "Fernandez Romero,Ern"]
[Black "Anastasian,A"]
[Result "1-0"]
[WhiteElo "2285"]
[BlackElo "2606"]

1.e4 c5 2.Nf3 Nc6 3.d4 cxd4 4.Nxd4 Qb6 5.Nb3 Nf6 6.Nc3 e6 7.Bd3 a6 8.O-O Be7
9.Qe2 d6 10.Bd2 O-O 11.Rae1 Ne5 12.Kh1 Nxd3 13.cxd3 e5 14.Be3 Qd8 15.d4 Be6
16.Rd1 Qc8 17.d5 Bd7 18.Rc1 Qd8 19.f3 b5 20.a3 Rb8 21.Nd2 a5 22.b4 a4 23.f4 Ng4
24.Nf3 Nxe3 25.Qxe3 exf4 26.Qxf4 Rc8 27.Ne2 Qb6 28.Rxc8 Rxc8 29.Ne5 Be8 30.Nxf7 Qc7
31.Ng3 Bd7 32.Nh6+ Kh8 33.Qf7 Qd8 34.Nhf5 Bxf5 35.Nxf5 Bf6 36.Qe6 Be5 37.Ne7 Rc3
38.Nc6 Qa8 39.Qf7 h6 40.Ne7 Rxa3 41.Ng6+ Kh7 42.Nf8+  1-0

[Event "V Ubeda Open"]
[Site "Ubeda ESP"]
[Date "2000.01.19"]
[Round "10"]
[White "Iordachescu,V"]
[Black "Halkias,S"]
[Result "1-0"]
[WhiteElo "2560"]
[BlackElo "2482"]

1.e4 c5 2.Nf3 Nc6 3.d4 cxd4 4.Nxd4 Qc7 5.Nc3 e6 6.Be2 a6 7.O-O Nf6 8.Kh1 Nxd4
9.Qxd4 Bc5 10.Qd3 b5 11.f4 Bb7 12.Bf3 h5 13.Be3 Bxe3 14.Qxe3 b4 15.Na4 d6
16.c3 bxc3 17.Nxc3 O-O 18.Rae1 Rab8 19.Qe2 Qc5 20.Rc1 Rfc8 21.Qd2 Qb6 22.h3 e5
23.Rce1 exf4 24.Bd1 Rc4 25.Bb3 Rd4 26.Qxf4 Re8 27.Qg3 Qd8 28.Rf4 Re5 29.Ref1 Kh8
30.Qe3 Rdxe4 31.Nxe4 Bxe4 32.Qg3 Qe7 33.Bd1 d5 34.Bf3 Bg6 35.Ra4 Re3 36.Rxa6 Ne4
37.Qb8+ Kh7 38.Ra8 Bf5 39.Qh8+ Kg6 40.Ra6+ Nd6 41.Qxh5+ Kf6 42.Bg4 g6 43.Qh6  1-0

[Event "V Ubeda Open"]
[Site "Ubeda ESP"]
[Date "2000.01.21"]
[Round "3"]
[White "Korneev,O"]
[Black "Halkias,S"]
[Result "0-1"]
[WhiteElo "2619"]
[BlackElo "2482"]

1.e4 c5 2.Nf3 Nc6 3.d4 cxd4 4.Nxd4 Qc7 5.Nc3 e6 6.Be3 a6 7.Be2 Nf6 8.O-O Bb4
9.Na4 Be7 10.Nxc6 bxc6 11.Nb6 Rb8 12.Nxc8 Qxc8 13.Bd4 c5 14.Be5 Rb6 15.Qd3 O-O
16.b3 d6 17.Bb2 Nd7 18.Rad1 Bf6 19.Bc1 a5 20.f4 Rd8 21.Qh3 Nf8 22.Bd2 Qa8
23.Bd3 a4 24.Rde1 axb3 25.axb3 Ng6 26.g3 Rbb8 27.Qg2 Bd4+ 28.Kh1 d5 29.exd5 exd5
30.h4 Nf8 31.g4 Qa7 32.g5 Qc7 33.f5 Be5 34.Rxe5 Qxe5 35.Bf4 Qd4 36.Bxb8 Rxb8
37.Qf2 Rb4 38.Qxd4 Rxd4 39.Kg2 Rxh4 40.Kg3 Rd4 41.Ra1 g6 42.f6 h6 43.gxh6 Ne6
44.Ra7 Rf4 45.h7+ Kxh7 46.Rxf7+ Kh6 47.Rd7 c4 48.bxc4 dxc4 49.Be2 Rxf6 50.Bxc4 Nc5
51.Bd5 Nxd7  0-1

[Event "V Ubeda Open"]
[Site "Ubeda ESP"]
[Date "2000.01.21"]
[Round "3"]
[White "Yagupov,I"]
[Black "De Sousa,Jos"]
[Result "1-0"]
[WhiteElo "2482"]
[BlackElo "2280"]

1.e4 c5 2.Nf3 Nc6 3.d4 cxd4 4.Nxd4 Qc7 5.Nc3 e6 6.Be2 Nf6 7.Be3 a6 8.O-O Be7
9.f4 d6 10.a4 O-O 11.Kh1 Re8 12.Bf3 Bf8 13.Nb3 d5 14.e5 Nd7 15.Ne2 Rb8 16.Ned4 Nb6
17.Nd2 Nxd4 18.Bxd4 Bc5 19.c3 Bd7 20.Be2 Rbc8 21.a5 Bxd4 22.cxd4 Na8 23.Bd3 Bb5
24.Bxb5 axb5 25.Nb3 Qc2 26.Nc5 Qxb2 27.Rb1 Qa2 28.Rxb5 Nc7 29.Rb1 Na6 30.Nxb7 Rc2
31.Qf3 Rec8 32.f5 R8c3 33.Qf4 exf5 34.Nc5 Qxa5 35.Qxf5 h6 36.Qxf7+ Kh7 37.Rb7  1-0

[Event "V Ubeda Open"]
[Site "Ubeda ESP"]
[Date "2000.01.25"]
[Round "7"]
[White "Herrera,I"]
[Black "De Sousa,Jos"]
[Result "1-0"]
[WhiteElo "2472"]
[BlackElo "2280"]

1.e4 c5 2.Nf3 Nc6 3.d4 cxd4 4.Nxd4 Qc7 5.Nb5 Qb8 6.c4 Nf6 7.N5c3 e6 8.Be2 Bd6
9.g3 Be7 10.O-O b6 11.Be3 d6 12.f4 Bb7 13.Bf3 O-O 14.a3 Qc8 15.Nd2 Nb8 16.Rc1 Nbd7
17.b4 Qc7 18.Nb5 Qb8 19.Bg2 a6 20.Nc3 Qc7 21.g4 Ne8 22.g5 f5 23.Qb3 Kh8 24.Nf3 g6
25.exf5 gxf5 26.Bd4+ Kg8 27.Rce1 Kf7 28.c5 d5 29.cxb6 Nxb6 30.Qd1 Nc4 31.Qe2 Bc8
32.Nh4 Ng7 33.Nxd5 exd5 34.Bxd5+ Be6 35.Bxe6+ Nxe6 36.Qxe6+ Ke8 37.Nxf5 Rxf5
38.Qxf5 Nd2 39.Rf2 Nb3 40.Qd5  1-0

[Event "V Ubeda Open"]
[Site "Ubeda ESP"]
[Date "2000.01.27"]
[Round "9"]
[White "Nicholson,JG"]
[Black "De Sousa,Jos"]
[Result "1/2-1/2"]
[WhiteElo "2193"]
[BlackElo "2280"]

1.e4 c5 2.Nf3 Nc6 3.d4 cxd4 4.Nxd4 Qc7 5.Nc3 e6 6.Be2 a6 7.O-O Nf6 8.Kh1 Be7
9.f4 d6 10.Be3 O-O 11.a4 Re8 12.Bf3 Bf8 13.Nb3 d5 14.e5 Nd7 15.Ne2 b6 16.Ned4 Bb7
17.c3 Rac8 18.Nd2 Nc5 19.Qb1 Qd7 20.Bd1 Qc7 21.Bc2 g6 22.b4 Nd7 23.Nxc6 Qxc6
24.Bd4 a5 25.b5 Qc7 26.Nf3 Bc5 27.Bd3 Bf8 28.f5 Bg7 29.fxg6 fxg6 30.Qe1 Nc5
31.Bc2  1/2-1/2

[Event "BCX Open"]
[Site "Brasilia BRA"]
[Date "2000.01.29"]
[Round "5"]
[White "Vescovi,G"]
[Black "Valle,A"]
[Result "1-0"]
[WhiteElo "2511"]
[BlackElo "2229"]

1.e4 c5 2.Nf3 Nc6 3.d4 cxd4 4.Nxd4 Qb6 5.Nb3 Nf6 6.Bd3 e6 7.O-O Be7 8.Be3 Qc7
9.f4 d6 10.c4 b6 11.Nc3 Bb7 12.Rc1 Qb8 13.Qf3 O-O 14.Qh3 g6 15.Bb1 Ba6 16.Nd2 Re8
17.f5 exf5 18.exf5 Ne5 19.Bg5 Qd8 20.Qh4 Rf8 21.Rf4 Bb7 22.Rcf1 Ned7 23.Qh6 Nh5
24.fxg6 fxg6 25.Bxg6  1-0

[Event "NED-chT"]
[Site "Amsterdam NED"]
[Date "2000.02.06"]
[Round "2"]
[White "Vink,N"]
[Black "Middelburg,T"]
[Result "1/2-1/2"]
[WhiteElo "2302"]
[BlackElo "2347"]

1.e4 c5 2.Nf3 Nc6 3.d4 cxd4 4.Nxd4 Qc7 5.Nc3 e6 6.g3 Nf6 7.Bg2 Nxd4 8.Qxd4 Bc5
9.Qd1 a6 10.O-O h6 11.Qe2 d6 12.Be3 e5 13.Nd1 Bg4 14.Bf3 Be6 15.Bxc5 Qxc5
16.Ne3 Rc8 17.Rfd1 Ke7 18.Qd2 Rhd8 19.c4 b5 20.cxb5 Qxb5 21.b3 a5 22.Rac1 Qb4
23.Qxb4 axb4 24.Bg2 Nd7 25.Bf1 Rxc1 26.Rxc1 Nc5 27.f3 Ra8 28.Rc2 g6 29.g4 h5
30.h3 hxg4 31.hxg4 Kf6 32.Rd2 Kg5 33.Bc4 Kf4 34.Kf2 Bxc4 35.Nxc4 f5 36.exf5 gxf5
37.Nb6 Rb8 38.Nd5+ Kg5 39.gxf5 Kxf5 40.Ne3+ Ke6 41.Nd5 Rb7 42.Ke3 Na6 43.Ke2 Nc7
44.Ne3 Nb5 45.Kd3 Rc7 46.Rc2 Rf7 47.Rf2 Rf4 48.Nc2 d5 49.Kd2 Kd6 50.Rh2 Nd4
51.Nxd4 Rxd4+ 52.Ke2 Rf4 53.Rh6+ Kc5 54.Ke3 d4+ 55.Ke2 Rf7 56.Re6 Kd5 57.Rb6 Ra7
58.Rb5+ Ke6 59.f4 exf4 60.Rxb4 Rxa2+ 61.Kd3 Kf5 62.Rxd4 Kg4 63.b4 Kg3 64.Rd8 Ra3+
65.Kc4 f3  1/2-1/2

[Event "2nd Novak Nikolic mem"]
[Site "Belgrade YUG"]
[Date "2000.02.07"]
[Round "5"]
[White "Kovacevic,A"]
[Black "Martinovic,S"]
[Result "1-0"]
[WhiteElo "2462"]
[BlackElo "2448"]

1.e4 c5 2.Nf3 Nc6 3.d4 cxd4 4.Nxd4 Qb6 5.Nb3 Nf6 6.Nc3 e6 7.Bd3 Be7 8.f4 d6
9.Qf3 O-O 10.Be3 Qc7 11.O-O-O a6 12.g4 Nd7 13.g5 Re8 14.h4 b5 15.Kb1 Nb4
16.h5 Bf8 17.g6 fxg6 18.hxg6 h6 19.Nd4 Nxd3 20.cxd3 Nf6 21.e5 dxe5 22.fxe5 Qxe5
23.Ne4 Bd7 24.Bg5 Be7 25.Rxh6 gxh6 26.Bxf6 Qc7 27.Be5 Rf8 28.Qh5  1-0

[Event "5th HIT Open"]
[Site "Nova Gorica SLO"]
[Date "2000.02.07"]
[Round "7"]
[White "Petrovic,Si"]
[Black "Kukovec,B"]
[Result "1/2-1/2"]
[WhiteElo "2170"]
[BlackElo "2111"]

1.e4 c5 2.Nf3 Nc6 3.d4 cxd4 4.Nxd4 Qc7 5.Nc3 e6 6.g3 a6 7.Bg2 Nf6 8.O-O Bc5
9.Nb3 Ba7 10.Qe1 Ne5 11.Be3 Bxe3 12.Qxe3 Nc4 13.Qc5 Qxc5 14.Nxc5 d6 15.Nd3 Nd7
16.Ne2 Nde5 17.b3 Nxd3 18.cxd3 Nb6 19.Rfc1 Bd7 20.Rc3 Ke7 21.Rac1 Rhc8 22.f4 Rxc3
23.Rxc3 Bc6 24.Nd4 Rc8 25.Kf2 Kd7 26.h4 g6 27.Ke3 f5 28.Bh3 h5 29.Rc1 Re8
30.Bg2 Rc8 31.Nf3 fxe4 32.dxe4 Bxe4 33.Rxc8 Bxf3 34.Rc2 Bxg2 35.Rxg2 Nd5+
36.Kd4 Nc7 37.Re2 Nd5 38.a3 Nf6 39.b4 Nd5 40.Rb2 b5 41.Rg2 Ke7 42.Rc2 Kd7
43.Rc1 Nc7 44.Rg1 Nd5 45.Ke4 Nf6+ 46.Kd4 Nd5 47.Ra1 Kc6  1/2-1/2

[Event "FSGM February"]
[Site "Budapest HUN"]
[Date "2000.02.09"]
[Round "5"]
[White "Ribshtein,N"]
[Black "Fogarasi,T"]
[Result "0-1"]
[WhiteElo "2362"]
[BlackElo "2429"]

1.e4 c5 2.Nf3 Nc6 3.d4 cxd4 4.Nxd4 Qc7 5.Nc3 e6 6.f4 d6 7.Be3 Nf6 8.Qf3 a6
9.O-O-O Bd7 10.Nb3 Be7 11.g4 h6 12.h3 Rc8 13.Kb1 b5 14.Bd3 Rb8 15.Rhf1 Bc8
16.e5 dxe5 17.g5 e4 18.Nxe4 Nd5 19.Bg1 g6 20.gxh6 Rxh6 21.Bh2 Ncb4 22.Rd2 Qb6
23.f5 gxf5 24.Bxb8 Qxb8 25.Ng3 Rxh3 26.Rg1 f4 27.Rh1 Rxg3 28.Rh8+ Kd7 29.Qh5 Nxd3
30.Rxd3 Rxd3 31.cxd3 Qb6 32.Qxf7 Qg1+ 33.Nc1 Bb7 34.Qe8+ Kc7 35.Qb8+ Kb6
36.Rh6 Qe3 37.Qg8 Nc7 38.Qf7 Bd6 39.Qd7 Qd4 40.Ka1 f3 41.Qf7 Be5  0-1

[Event "Goodricke Open"]
[Site "Calcutta IND"]
[Date "2000.02.09"]
[Round "4"]
[White "Saptarshi,R"]
[Black "Reefat,S"]
[Result "1-0"]
[WhiteElo "2107"]
[BlackElo "2379"]

1.e4 c5 2.Nf3 Nc6 3.d4 cxd4 4.Nxd4 Qc7 5.Nc3 e6 6.Be3 a6 7.Qd2 Nf6 8.f3 b5
9.g4 Bb7 10.g5 Nh5 11.O-O-O Nxd4 12.Bxd4 Be7 13.Be5 Qxe5 14.Qxd7+ Kf8 15.Qxb7 Bxg5+
16.Kb1 Qb8 17.Qc6 Qc8 18.Qxc8+ Rxc8 19.Rd6 Rd8 20.Rb6 Be3 21.Rb7 g5 22.a4 bxa4
23.Bxa6 a3 24.bxa3 Ra8 25.Bc4 Rxa3 26.Nb5 Ra4 27.Nd6 Ra7 28.Rxa7 Bxa7 29.Rd1 Ke7
30.Nxf7 Rb8+ 31.Bb3 Be3 32.Ne5 Rc8 33.Rd7+ Kf8 34.Bxe6  1-0

[Event "Petroff Mem Open"]
[Site "St Petersburg RUS"]
[Date "2000.02.12"]
[Round "5"]
[White "Barbitskij,A"]
[Black "Loginov,A"]
[Result "1/2-1/2"]
[WhiteElo "2284"]
[BlackElo "2356"]

1.e4 c5 2.Nf3 Nc6 3.d4 cxd4 4.Nxd4 Qb6 5.Nb3 Nf6 6.Bd3 e6 7.Be3 Qc7 8.Nc3 Bb4
9.f4 d6 10.O-O Bxc3 11.bxc3 Bd7 12.c4 e5 13.f5 Na5 14.Qd2 b6 15.Nxa5 bxa5
16.Qe2 Rb8 17.Rab1 O-O 18.Rbe1 Rb2 19.g4 Bc6 20.g5 Nxe4 21.Bxe4 Bxe4 22.Bc1 Qc5+
23.Qe3 Rxc2 24.Qxc5 Rg2+  1/2-1/2

[Event "Goodricke Open"]
[Site "Calcutta IND"]
[Date "2000.02.15"]
[Round "10"]
[White "Singh,G"]
[Black "Rahman,Zia"]
[Result "0-1"]
[WhiteElo "2312"]
[BlackElo "2465"]

1.e4 c5 2.Nf3 Nc6 3.d4 cxd4 4.Nxd4 Qc7 5.Nc3 e6 6.g3 a6 7.Bg2 Bb4 8.O-O Nf6
9.Nde2 Be7 10.h3 O-O 11.Be3 d6 12.g4 Re8 13.f4 Bf8 14.Qe1 Nd7 15.Rd1 b5 16.Ng3 Bb7
17.Qf2 Rac8 18.Nce2 d5 19.exd5 exd5 20.Kh1 Na5 21.Nd4 Nc4 22.Bc1 Nf6 23.Ngf5 Ne4
24.Qf3 Qa5 25.a3 Qb6 26.Rfe1 a5 27.Kh2 b4 28.a4 g6 29.Ng3 Bg7 30.Nge2 Ba6
31.b3 Na3 32.Be3 Qb8 33.Rc1 Nc3 34.Bf1 Nxe2 35.Bxe2 Bxe2 36.Rxe2 Bxd4  0-1

[Event "Petroff Mem Open"]
[Site "St Petersburg RUS"]
[Date "2000.02.15"]
[Round "8"]
[White "Yagupov,I"]
[Black "Karasev,V"]
[Result "1/2-1/2"]
[WhiteElo "2482"]
[BlackElo "2347"]

1.e4 c5 2.Nf3 Nc6 3.d4 cxd4 4.Nxd4 Qb6 5.Nb3 Nf6 6.Nc3 e6 7.Qe2 Bb4 8.Bd2 d6
9.O-O-O O-O 10.a3 Bxc3 11.Bxc3 Ne8 12.f4 Qc7 13.g4 a5 14.e5 b5 15.Qxb5 Ba6
16.Qa4 Bxf1 17.exd6 Nxd6 18.Rhxf1 Rfb8 19.Nd4 Nb4 20.Bxb4 axb4 21.Qc6 Qe7
22.Nb3 Nb5 23.Rd7 Qe8 24.a4 Na7 25.Qc7 Rc8 26.Qd6 Nc6 27.Rd1 Rxa4 28.Rc7 Rxc7
29.Qxc7 Ra8 30.Qd7 Ne7 31.Qxe8+ Rxe8 32.Rd4 Rb8 33.Nc5 h5 34.gxh5 Rb5 35.Rd8+ Kh7
36.Nd3 Rxh5 37.Rd7 Nd5 38.Rxf7 Rxh2 39.Kb1 Re2 40.f5 e5 41.Rd7 Nf6 42.Re7 b3
43.Rxe5 bxc2+ 44.Kc1 Rxe5 45.Nxe5 Nd5 46.Ng4 Nb4 47.Ne3 Kh6  1/2-1/2

[Event "Goodricke Open"]
[Site "Calcutta IND"]
[Date "2000.02.16"]
[Round "11"]
[White "Joshi,GB"]
[Black "Webster,A"]
[Result "1/2-1/2"]
[WhiteElo "2306"]
[BlackElo "2401"]

1.e4 c5 2.Nf3 Nc6 3.d4 cxd4 4.Nxd4 Qb6 5.Nb3 Nf6 6.Nc3 e6 7.Bd3 a6 8.O-O Be7
9.a4 Qc7 10.f4 d6 11.a5 b6 12.axb6 Qxb6+ 13.Kh1 Nb4 14.Nd2 Nxd3 15.cxd3 Qc7
16.Qe2 O-O 17.Nc4 Rb8 18.e5 Ne8 19.Rf3 d5 20.Nd2 f6 21.d4 Rb4 22.Qd3 a5  1/2-1/2

[Event "ch-Serbia"]
[Site "Kragujevac YUG"]
[Date "2000.02.19"]
[Round "1"]
[White "Somborski,N"]
[Black "Vojinovic,G"]
[Result "1/2-1/2"]
[WhiteElo "2330"]
[BlackElo "2451"]

1.e4 c5 2.Nf3 Nc6 3.d4 cxd4 4.Nxd4 Qc7 5.Nb5 Qb8 6.c4 Nf6 7.N5c3 b6 8.Be2 e6
9.O-O Bc5 10.a3 a5 11.Nd2 Nd4 12.Rb1 Bb7 13.Bd3 h5 14.b4 axb4 15.axb4 Bd6
16.g3 Nc6 17.c5 bxc5 18.bxc5 Bxc5 19.Nc4 h4 20.Bf4 e5 21.Be3 Nd4 22.g4 d6
23.Na4 Nd7 24.Bxd4 exd4 25.Rxb7 Qxb7 26.Nxc5 Qc7 27.Nxd7 Kxd7 28.Qf3 Ke7
29.Qf5 f6 30.Qd5 Ra7 31.Qxd4 Qc5 32.Qb2 Rc8 33.Ne3 Kf8 34.Bc4 Qe5 35.Qxe5 dxe5
36.Rd1 Rac7 37.Bd5 Rc1 38.Rxc1 Rxc1+ 39.Kg2 g5  1/2-1/2

[Event "ch-Serbia"]
[Site "Kragujevac YUG"]
[Date "2000.02.20"]
[Round "2"]
[White "Tomanovic,N"]
[Black "Boskovic,D"]
[Result "0-1"]
[WhiteElo "2208"]
[BlackElo "2332"]

1.e4 c5 2.Nf3 Nc6 3.d4 cxd4 4.Nxd4 Qc7 5.Nc3 e6 6.Be2 a6 7.O-O Nf6 8.Be3 Be7
9.f4 d6 10.Qe1 O-O 11.Qg3 Nxd4 12.Bxd4 b5 13.a3 Bb7 14.Rae1 Bc6 15.Bd3 e5
16.fxe5 Nh5 17.exd6 Nxg3 18.dxc7 Nxf1 19.Nd5 Bxd5 20.exd5 Bd6 21.Be5 Rfe8
22.Bxd6 Rxe1 23.Bb4 Nd2+ 24.Kf2 Re5 25.d6 Rd5 26.Bxd2 Rxd6 27.Bb4 Rd7 28.Ba5 g6
29.a4 bxa4 30.Ke3 Re8+ 31.Kd2 Rc8 32.Kc3 Rdxc7+ 33.Bxc7 Rxc7+ 34.Kb4 Rb7+
35.Kxa4 Rxb2 36.c4 Rxg2 37.c5 Kf8 38.Ka5 Ke7 39.Kxa6  0-1

[Event "16th open"]
[Site "Cappelle La Grande FRA"]
[Date "2000.02.21"]
[Round "4"]
[White "Mullon,J"]
[Black "Beshukov,S"]
[Result "1-0"]
[WhiteElo "2264"]
[BlackElo "2460"]

1.e4 c5 2.Nf3 Nc6 3.d4 cxd4 4.Nxd4 Qc7 5.Nc3 e6 6.Be2 a6 7.O-O Nf6 8.Be3 Bb4
9.Na4 Bd6 10.g3 Nxe4 11.Bf3 Nf6 12.c4 O-O 13.c5 Be7 14.Rc1 Rb8 15.Re1 Ne5
16.Bf4 Nxf3+ 17.Nxf3  1-0

[Event "ch-Serbia"]
[Site "Kragujevac YUG"]
[Date "2000.02.21"]
[Round "3"]
[White "Markovic,Zo"]
[Black "Miljkovic,Mir"]
[Result "1-0"]
[WhiteElo "2186"]
[BlackElo "2240"]

1.e4 c5 2.Nf3 Nc6 3.d4 cxd4 4.Nxd4 Qc7 5.Nc3 e6 6.Be2 a6 7.O-O Nf6 8.Kh1 Be7
9.f4 d6 10.Be3 O-O 11.Qe1 Nxd4 12.Bxd4 b5 13.a3 Bb7 14.Qg3 Bc6 15.Rae1 Rae8
16.Bf3 Rd8 17.Nd1 d5 18.e5 Ne4 19.Qh3 Bb7 20.Ne3 Bc5 21.Bxe4 dxe4 22.Bxc5 Qxc5
23.f5 exf5 24.Rxf5 Bc8 25.e6 Qc7 26.Rxf7 Rxf7 27.exf7+ Qxf7 28.Qh4 Re8 29.Rf1 Qe6
30.h3 Qe5 31.Qf4 Qxf4 32.Rxf4 Bb7 33.Kh2 Rd8 34.Rf2 g6 35.Rf6 Rd7 36.Kg3 Rf7
37.Rd6 Kg7 38.Rb6 Bc8 39.c4 Rb7 40.Rc6 Bd7 41.Rxa6 bxc4 42.Nxc4 Rb3+ 43.Kf4 Bb5
44.Ra7+ Kg8 45.Nd6 Bc6 46.Rc7 Bd5 47.Ke5 Rd3 48.Nxe4 Bxe4 49.Kxe4 Rd2 50.b4 Rxg2
51.b5 Rb2 52.a4 h5 53.Kf4 Rb3 54.Kg5 Kf8 55.Kxg6 Ke8 56.h4 Rb4 57.Kxh5 Rxa4
58.Kg5 Rb4 59.Rb7 Kd8 60.h5 Rb1 61.h6 Kc8 62.Rb6 Kc7 63.Rc6+ Kd7 64.Rc5 Kd6
65.Rf5 Ke6 66.Kg6 Rh1 67.Rg5  1-0

[Event "ch-Serbia"]
[Site "Kragujevac YUG"]
[Date "2000.02.22"]
[Round "4"]
[White "Perunovic,Mil"]
[Black "Stojanovic,Da"]
[Result "1/2-1/2"]
[WhiteElo "2384"]
[BlackElo "2249"]

1.e4 c5 2.Nf3 Nc6 3.d4 cxd4 4.Nxd4 Qc7 5.Nc3 e6 6.f4 a6 7.Nxc6 Qxc6 8.Bd3 b5
9.Qe2 Qc7 10.a3 Bb7 11.Bd2 Ne7 12.O-O Ng6 13.Kh1 Be7 14.Rf3 O-O 15.Raf1 f5
16.Rh3 fxe4 17.Bxe4 Bxe4 18.Qxe4 Qc4 19.Re1 Qxe4 20.Rxe4 Bf6 21.Rd3 Ra7 22.g3 Ne7
23.Be3 Rc7 24.Bd4 Kf7 25.Bxf6 d5 26.Re2 gxf6 27.Nd1 Rfc8 28.Ne3 f5 29.c3 h5
30.Nc2 Nc6 31.Ne1 a5 32.Nf3 Kf6 33.Ng5 Re7 34.Kg2 Rb8 35.Kh3 b4 36.axb4 axb4
37.Nf3 bxc3 38.Rxc3 Na5 39.Ne5 Reb7 40.b4 Nc4 41.Nxc4 dxc4 42.Rxc4 Rxb4 43.Rc6 Re8
44.Rc7 h4 45.Rh7  1/2-1/2

[Event "ch-Serbia"]
[Site "Kragujevac YUG"]
[Date "2000.02.23"]
[Round "5"]
[White "Stojanovic,Da"]
[Black "Vojinovic,G"]
[Result "1/2-1/2"]
[WhiteElo "2249"]
[BlackElo "2451"]

1.e4 c5 2.Nf3 Nc6 3.d4 cxd4 4.Nxd4 Qc7 5.Nc3 e6 6.Be2 a6 7.O-O Nf6 8.Be3 Bb4
9.Na4 Be7 10.Nxc6 dxc6 11.Nb6 Rb8 12.Bd3 e5 13.Nxc8 Qxc8 14.h3 Qe6 15.Qe2 Bd6
16.Rfd1 O-O 17.Bc4 Qe7 18.Bg5 h6  1/2-1/2

[Event "ch-Serbia"]
[Site "Kragujevac YUG"]
[Date "2000.02.25"]
[Round "7"]
[White "Markovic,Zo"]
[Black "Stojanovic,Da"]
[Result "1/2-1/2"]
[WhiteElo "2186"]
[BlackElo "2249"]

1.e4 c5 2.Nf3 Nc6 3.d4 cxd4 4.Nxd4 Qc7 5.Nc3 e6 6.Be2 a6 7.O-O Nf6 8.Kh1 Bb4
9.Qd3 Qd6 10.Nxc6 Qxd3 11.Bxd3 dxc6 12.Na4 Nd7 13.Be3 b5 14.c3 Bd6 15.Nb6 Nxb6
16.Bxb6 Rb8 17.Ba5 e5 18.Rfd1 Ke7 19.Rd2 Be6 20.Rad1 Rhc8  1/2-1/2